书目信息 |
| 题名: |
郎文·外研社新概念英语练习册(4)
|
|
| 作者: | 亚历山大 , Alexander , 金斯伯里 , Kingsbury , 何其莘 , 亚历山大 编著 | |
| 分册: | 4 流利英语 | |
| 出版信息: | 北京 外语教学与研究出版社 2002.5 |
|
| 页数: | 114页 | |
| 开本: | 28cm | |
| 丛书名: | ||
| 单 册: | ||
| 中图分类: | H319.6 , H31-44 | |
| 科图分类: | ||
| 主题词: | 英语--习题 | |
| 电子资源: | ||
| ISBN: | 7-5600-2775-X | |
| 000 | 01111nam0 2200313 45 | |
| 001 | 012003000000 | |
| 005 | 20041203103100.95 | |
| 010 | @a7-5600-2775-X@dCNY 8.90 | |
| 100 | @a20031208e20022002em y0chiy0121 ea | |
| 101 | 0 | @aeng |
| 102 | @aCN@b110000 | |
| 105 | @ay z 000yy | |
| 200 | 1 | @a郎文·外研社新概念英语练习册(4)@Alang wen·wai yan she xin gai nian ying yu lian xi ce(4)@h4@i流利英语@dNew concept English workbook fluency in English@e新版@f(英)亚历山大等编著@F(ying)ya li shan da deng bian zhu@zeng |
| 210 | @a北京@c外语教学与研究出版社@d2002.5@h2002.7重印 | |
| 215 | @a114页@d28cm | |
| 510 | 1 | @aNew concept English workbook@iFluency in English@zeng |
| 517 | 1 | @a流利英语 |
| 606 | 0 | @a英语@j习题 |
| 690 | @aH319.6@v4 | |
| 690 | 1 | @aH31-44@v4 |
| 701 | 1 | @a亚历山大@Aya li shan da@bL. G.@4编著 |
| 701 | A1 | @aAlexander@bL. G.@4编著 |
| 701 | 1 | @a金斯伯里@Ajin si bo li@bR.@4编著 |
| 701 | A1 | @aKingsbury@bRoy@4编著 |
| 701 | 0 | @a何其莘@Ahe qi xin@4编著 |
| 701 | 0 | @a亚历山大@Aya li shan da@4编著 |
| 801 | 0 | @aCN@bQSSKw@c20041203 |
| 905 | @dH31-44@eY761:4 | |
| 906 | @dCNY8.90@n3@r1 | |
| 郎文·外研社新概念英语练习册(4).4.流利英语=New concept English workbook fluency in English:新版/(英)亚历山大等编著.-北京:外语教学与研究出版社,2002.5(2002.7重印) |
| 114页;28cm |
| ISBN 7-5600-2775-X:CNY 8.90 |
| ● |
| 相关链接 |
|
|
|
正题名:郎文·外研社新概念英语练习册(4)
索取号:H31-44/Y761:4
 
预约/预借
| 序号 | 登录号 | 条形码 | 馆藏地/架位号 | 状态 | 备注 |
| 1 | 330128 | 203301284 | 语言库209/209语言库 94排2列4层/ [索取号:H31-44/Y761:4] | 在馆 | |
| 2 | 377221 | 203772211 | 语言库209/209语言库 94排2列4层/ [索取号:H31-44/Y761:4] | 在馆 | |
| 3 | 377222 | 203772220 | 语言库209/209语言库 94排2列4层/ [索取号:H31-44/Y761:4] | 在馆 | |
| 4 | 377223 | 203772239 | 语言库209/209语言库 94排2列4层/ [索取号:H31-44/Y761:4] | 在馆 | |
| 5 | 377224 | 203772248 | 语言库209/209语言库 94排2列4层/ [索取号:H31-44/Y761:4] | 在馆 | |
| 6 | 377225 | 203772257 | 语言库209/209语言库 94排2列4层/ [索取号:H31-44/Y761:4] | 在馆 | |
| 7 | 384407 | 203844073 | 语言库209/209语言库 94排2列4层/ [索取号:H31-44/Y761:4] | 在馆 | |
| 8 | 384408 | 203844082 | 语言库209/209语言库 94排2列4层/ [索取号:H31-44/Y761:4] | 在馆 | |
| 9 | 384409 | 203844091 | 语言库209/209语言库 94排2列4层/ [索取号:H31-44/Y761:4] | 在馆 | |
| 10 | 429965 | 204299650 | 语言库209/209语言库 94排2列4层/ [索取号:H31-44/Y761:4] | 在馆 | |
| 11 | 429966 | 204299669 | 语言库209/209语言库 94排2列4层/ [索取号:H31-44/Y761:4] | 在馆 | |
| 12 | 429967 | 204299678 | 语言库209/209语言库 94排2列4层/ [索取号:H31-44/Y761:4] | 在馆 | |
| 13 | 429968 | 204299687 | 语言库209/209语言库 94排2列4层/ [索取号:H31-44/Y761:4] | 在馆 | |
| 14 | 429969 | 204299696 | 语言库209/209语言库 94排2列4层/ [索取号:H31-44/Y761:4] | 在馆 | |
| 15 | 429970 | 204299703 | 语言库209/209语言库 94排2列4层/ [索取号:H31-44/Y761:4] | 在馆 | |
| 16 | 429971 | 204299712 | 语言库209/209语言库 94排2列4层/ [索取号:H31-44/Y761:4] | 在馆 | |
| 17 | 429972 | 204299721 | 语言库209/209语言库 94排2列4层/ [索取号:H31-44/Y761:4] | 在馆 | |
| 18 | 429973 | 204299730 | 语言库209/209语言库 94排2列4层/ [索取号:H31-44/Y761:4] | 在馆 | |
| 19 | 429974 | 204299749 | 语言库209/209语言库 94排2列4层/ [索取号:H31-44/Y761:4] | 在馆 |